000 00441nam a2200169Ia 4500
005 20250923144456.0
008 008 250917s9999 xx 000 0 eng d
037 _aReference
040 _aDSWL
_beng
_cDSWL
041 _aeng
_2eng
084 _qDSWL
245 0 _aDictionary of education
_c Ed. by Carler.v Good
260 _b Mc graw-Hill Book Company
_c1945
300 _axxxix,495p.
942 _cREF
999 _c1439375
_d1439375